|
|
|
|
| LEADER |
00000cam a22000002cc4500 |
| 001 |
1124074147 |
| 003 |
DE-627 |
| 005 |
20251224222537.0 |
| 007 |
tu |
| 008 |
960903s1924 xx ||||| 00| ||ger c |
| 035 |
|
|
|a (DE-627)1124074147
|
| 035 |
|
|
|a (DE-576)054074142
|
| 035 |
|
|
|a (DE-599)BSZ054074142
|
| 035 |
|
|
|a (OCoLC)312610255
|
| 040 |
|
|
|a DE-627
|b ger
|c DE-627
|e rakwb
|
| 041 |
|
|
|a ger
|
| 082 |
0 |
|
|a 938
|
| 082 |
0 |
|
|a 932
|
| 084 |
|
|
|a 6,21
|a 6,22
|2 ssgn
|
| 100 |
1 |
|
|0 (DE-588)119151340
|0 (DE-627)079946844
|0 (DE-576)211409952
|4 aut
|a Sieglin, Ernst von
|d 1848-1927
|
| 109 |
|
|
|a Sieglin, Ernst von 1848-1927
|a Sieglin, Ernst 1848-1927
|a Von Sieglin, Ernst 1848-1927
|a Sieglin, Ernst Wilhelm von 1848-1927
|
| 245 |
1 |
0 |
|a Expedition Ernst von Sieglin
|p Bd. 2. Die griechisch-ägyptische Sammlung
|n Teil 2
|p Terrakotten / bearb. von Joseph Vogt
|c unter Leitung von Theodor Schreiber... Hrsg. von Ernst von Sieglin
|
| 264 |
|
1 |
|a Leipzig
|b Giesecke & Devrient
|c 1924
|
| 300 |
|
|
|a XVI, 206 S.
|b Ill.
|
| 336 |
|
|
|a Text
|b txt
|2 rdacontent
|
| 337 |
|
|
|a ohne Hilfsmittel zu benutzen
|b n
|2 rdamedia
|
| 338 |
|
|
|a Band
|b nc
|2 rdacarrier
|
| 583 |
1 |
|
|a Archivierung/Langzeitarchivierung gewährleistet
|f SSG
|x XA-DE-BW
|2 pdager
|5 DE-21
|
| 583 |
1 |
|
|a Archivierung/Langzeitarchivierung gewährleistet
|f SSG
|x XA-DE-BW
|2 pdager
|5 DE-16
|
| 601 |
|
|
|a Expedition
|
| 601 |
|
|
|a Sieglin, Ernst
|
| 601 |
|
|
|a Sammlung
|
| 700 |
1 |
|
|0 (DE-588)118627562
|0 (DE-627)079415601
|0 (DE-576)20915022X
|4 oth
|a Vogt, Joseph
|d 1895-1986
|
| 773 |
1 |
8 |
|a Expedition Ernst von Sieglin Ausgrabungen in Alexandria
|w (DE-627)112406981X
|w (DE-576)054069815
|g 2,2,text
|q 2,2,text
|7 nnam
|
| 951 |
|
|
|a MV
|
| BIB |
|
|
|a 1
|
| ELC |
|
|
|b 1
|
| ITA |
|
|
|a 1
|t 1
|
| LOK |
|
|
|0 000 xxxxxcx a22 zn 4500
|
| LOK |
|
|
|0 001 2288376074
|
| LOK |
|
|
|0 003 DE-627
|
| LOK |
|
|
|0 004 1124074147
|
| LOK |
|
|
|0 005 20120521101537
|
| LOK |
|
|
|0 008 000118||||||||||||||||ger|||||||
|
| LOK |
|
|
|0 040
|a DE-21
|c DE-627
|d DE-21
|
| LOK |
|
|
|0 852
|a DE-21
|
| LOK |
|
|
|0 852 1
|c Da 121.2-2,2,TEXT
|9 00
|
| LOK |
|
|
|0 935
|a dika
|a alto
|
| LOK |
|
|
|0 936ln
|a t16.9
|
| LOK |
|
|
|0 939
|a 18-01-00
|b l01
|
| LOK |
|
|
|0 000 xxxxxcx a22 zn 4500
|
| LOK |
|
|
|0 001 2288376082
|
| LOK |
|
|
|0 003 DE-627
|
| LOK |
|
|
|0 004 1124074147
|
| LOK |
|
|
|0 005 20070319104625
|
| LOK |
|
|
|0 008 040820||||||||||||||||ger|||||||
|
| LOK |
|
|
|0 040
|a DE-21-11
|c DE-627
|d DE-21-11
|
| LOK |
|
|
|0 541
|e K1905
|
| LOK |
|
|
|0 852
|a DE-21-11
|
| LOK |
|
|
|0 852 1
|c KLA Cc Alex 11-2,2-TEXT
|m p
|9 00
|
| LOK |
|
|
|0 852 2
|b Folio-Raum
|9 00
|
| LOK |
|
|
|0 935
|a folr
|a i011
|a k011
|a klar
|
| LOK |
|
|
|0 938
|k p
|
| LOK |
|
|
|0 939
|a 20-08-04
|b l01
|
| ORI |
|
|
|a SA-MARC-ixtheoa001.raw
|
| REL |
|
|
|a 1
|
| SUB |
|
|
|a BIB
|a REL
|